000 00529nam a2200181Ia 4500
003 GCL
008 140319s9999 xx 000 0 ara d
040 _aGCL /
_cGCL
082 0 4 _aق
_b962.054
_bل ف
100 1 _aلطيفة محمد سالم
245 1 0 _aفاروق وسقوط الملكية فى مصر (1936 - 1952) /
_cلطيفة محمد سالم
260 _a[S.N] :
_bمكتبة مدبولى ،
_c1989
300 _a1032
490 _a
650 0 4 _aالعصر الحديث
650 0 4 _aمصر
942 _2ddc
_cBK
999 _c51957
_d51957